| 000 | 00861nam a2200229 i 4500 | ||
|---|---|---|---|
| 001 | 182983 | ||
| 003 | ES-MaACL | ||
| 005 | 20260305172758.0 | ||
| 008 | 140109s1921 fr |||| | fre d | ||
| 100 | 1 |
_aLuxemburg, Rosa, _d1870-1919 _974894 |
|
| 245 | 1 | 0 |
_aLettres de la prison / _cRosa Luxembourg ; traduction par Alix Guillain. |
| 260 |
_aParis : _bÉditions de la Bibliothèque du Travail, _c1921. |
||
| 300 |
_a62 p. ; _c19 cm. |
||
| 490 | 1 |
_aLes Cahiers du travail ; _v1re série, 1er cahier, 1er mars 1921 |
|
| 600 | 1 | 4 |
_aLuxemburg, Rosa, _d1870-1919- _xCorrespondencia _974895 |
| 600 | 1 | 4 |
_aLuxemburg, Rosa, _d1870-1919 _974894 |
| 700 | 1 |
_aGuillain, Alix, _d1876-1951 _9154101 |
|
| 830 | 0 |
_aLes Cahiers du travail ; _v1re série, 1er cahier, 1er mars 1921 _9191855 |
|
| 852 |
_aES-MaACL _j1625-F-8 |
||
| 942 | _2udc | ||
| 999 |
_c182983 _d182983 |
||